Statistics for Skrillex Quiz

Click here to take the quiz!

General Stats

  • This quiz has been taken 45 times
    (42 since last reset)
  • The average score is 11 of 15

Answer Stats

QuestionsAnswer% Correct
For what genre is Skrillex best known for?Dubstep
94%
What Skrillex's name?Sonny John Moore
94%
In which year did he release Recess?2014
91%
With which DJ did he start the duo Jack Ü?Diplo
91%
In what year did Skrillex made his official debut as a DJ?2010
89%
How many Grammy's did he win during the 54th Annual Grammy Awards?3
86%
What's the name of his own record label?OWSLA
83%
With which famous singer did he had a relationship?Ellie Goulding
80%
Where was Skrillex born?Los Angeles
77%
Skrillex was the former lead-singer of?From First To Last
69%
For which song did she provide vocals?Summit
69%
And what was his first under the name Skrillex?My Name Is Skrillex
63%
Which date?January 15th 1988
46%
Where is the alien from Recess based on?An emoji
40%
What is the name of his first solo release?Gypsyhook
37%

Score Distribution

Percentile by Number Answered

Percent of People with Each Score

Your Score History

You have not taken this quiz since the last reset